| 000 | 00515nam a2200181Ia 4500 | ||
|---|---|---|---|
| 005 | 20250508151618.0 | ||
| 008 | 008 250505s9999 xx 000 0 eng d | ||
| 037 | _aBooks to be hide in OPAC | ||
| 040 |
_aFEDL _beng _cFEDL |
||
| 041 |
_aeng _2eng |
||
| 084 |
_a150, AME/O _qFEDL |
||
| 100 |
_aLangfeld Herbert S Ed. _9759595 |
||
| 245 | 0 | _aPsychological monographs | |
| 245 | 0 | _cUniversity of Iowa Studies in Psychology | |
| 300 | _a188p. | ||
| 942 |
_cHB _h150, AME/O |
||
| 999 |
_c1330934 _d1330934 |
||